| 000 | 00620nam a22002177a 4500 | ||
|---|---|---|---|
| 005 | 20241016115923.0 | ||
| 008 | 241016b |||||||| |||| 00| 0 eng d | ||
| 020 | _a9780273779889 | ||
| 050 |
_aHB171.5 _bC3123 CAS |
||
| 082 | _210TH ED. | ||
| 100 | _aCase, Karl E. | ||
| 245 |
_aPrinciples of Economics/ _ckarl E. Case, Ray C. Fair & Sharon M. Oster |
||
| 250 | _a10th Ed. | ||
| 260 |
_aBoston _bPerson Education Limited _c2013 |
||
| 300 |
_a813 pages; _bill. _c27.5cmx21.5cm |
||
| 500 | _aIncludes Index | ||
| 650 | _2Economics | ||
| 700 | _aFair Ray C. | ||
| 700 | _aOster Sharon M. | ||
| 942 |
_2lcc _cBK _e10th Ed. _n0 |
||
| 999 |
_c39 _d39 |
||